000 01190nam a22002537a 4500
005 20260324161930.0
008 260324b ||||| |||| 00| 0 eng d
020 _a9789889358748
040 _aCO-BoUCM
_bspa
_cStefania Borbon
_dStefania Borbon (Modificó)
100 _aMonteiro, Mike
_9175852
245 _aDesign is a job
_bthe necessary second edition
_cMike Monteiro prólogo por Sam Cabrera
250 _a2a.Ed.
260 _aSan Francisco
_bMule Books
_c2024
300 _a201 páginas
_bilustraciones en blanco y negro
504 _aIncluye referencias bibliográficas e índices
520 _aUna guía revisada y actualizada sobre los aspectos comerciales y éticos de la profesión del diseño, cubriendo temas como la negociación de contratos, la gestión de procesos de trabajo y la responsabilidad social del diseñador
650 _aDiseño
_xPráctica profesional
_9188399
650 _aDiseñadores
_xÉtica profesional
_9188400
650 _aRelaciones con el cliente
_9182446
700 _aCabrera, Sam
_eprólogo
_9188401
700 _aMarquis, Lisa Maria
_eeditor
_9188402
942 _2DEWEY
_a17
_cLIBRO
_e2
_h745.4023
_mM775
999 _c326198
_d326198